Siyasal partilerde halkla ilişkiler (Record no. 4693)

MARC details
000 -BAŞLIK
Sabit Uzunlukta Kontrol Alanı 00736na a2200241 4500
001 - KONTROL NUMARASI
Denetim Alanı 18182
003 - KONTROL NUMARASI IDENTIFIER
Denetim Alanı MIRAKIL
005 - SON İŞLEM TARİHİ VE ZAMANI
Denetim Alanı 20181213155015.0
008 - SABİT-BOY VERİ ELEMANLARI - GENEL BİLGİLER
Sabit Uzunlukta Kontrol Alanı 161114b tu 000 0
035 ## - SİSTEM KONTROL NUMARASI
Sistem Kontrol Numarası 18182
040 ## - KATALOGLAMA KAYNAK
Orijinal Kataloglama Ajansı Milas
Kataloglama Dili tur
Metne Dönüştürmek Ajansı TR-AnCHP
041 ## - DİL KODU
Metin / Ses Parça Veya Ayrı Başlığın Dil Kodu tur
082 ## - DEWEY ONLU SINIFLANDIRMA NUMARASI
Sınıflandırma Numarası 324.2072
Ürün Numarası G96s 1997
090 ## - SINIFLAMA NUMARASI
Sınıflama Numarası 324.2072 G96s 1997
100 ## - ANA GİRİŞ - KİŞİSEL İSİM
Kişisel Ad Gürkan, Ayla
245 ## - BAŞLIK TABLOSU
Başlık Siyasal partilerde halkla ilişkiler
Sorumluluk Tablosu, Vb Ayla Gürkan
260 ## - YAYIN, DAĞITIM, VB
Yayın, Dağıtım, Vb Yeri İstanbul
Yayıncı, Dağıtıcı, Vs Adı [yayl.y.]
Yayın, Dağıtım, Vb Tarihi 1997
300 ## - FİZİKSEL TANIM
Kapsam vi, 167 s.
Diğer Fiziksel Ayrıntıları tbl.
Boyutlar 30 sm.
502 ## - TEZLER NOT
Tez Notu Doktora Tezi
Derece Tipi Yönetim ve Organizasyon
Veren Kuruluşun Adı Marmara Üniversitesi Sosyal Bilimler Enstitüsü
Yıl Derecesi Verilmiş 1997
650 ## - KONU KATMA GİRİŞ - TOPİKAL DÖNEM
Topikal Süreli Veya Coğrafi Ad Giriş Elemanı Siyasal partiler
Genel Alt Bölümü Halkla ilişkiler
651 ## - KONU KATMA GİRİŞ - COĞRAFİ ADI
Coğrafi İsim Türkiye
Genel Alt Bölümü Siyasal partiler
942 ## - EKLENDİ GİRİŞ ELEMANLARI (KOHA)
Sınıflandırma Veya Raf Düzeni Kaynak Dewey Decimal Classification
Koha Öğesi Türü Books
999 ## - SİSTEM KONTROL NUMARALARI (KOHA)
Koha Biblionumber 4693
Koha Biblioitemnumber 4693
Holdings
Kalıcı Konum Mevcut Konum Edinme Tarihi Edinim Kaynak Toplam Check-Out'Lar Tam Çağrı Numarası Barkod Tarih Son Görülme İtibaren Geçerli Fiyatlar Koha Öğesi Türü
CHP Kütüphanesi CHP Kütüphanesi 11/14/2016 Bağış   324.2072 G96s 1997 008636 11/14/2016 11/14/2016 Books